Principles of foundation engineering / (Record no. 1072)

000 -LEADER
fixed length control field 00329 a2200121 4500
020 ## - INTERNATIONAL STANDARD BOOK NUMBER
International Standard Book Number 0534206468
082 ## - DEWEY DECIMAL CLASSIFICATION NUMBER
Classification number 624.15 DAS
100 ## - MAIN ENTRY--PERSONAL NAME
Personal name Das, Braja M.,
245 ## - TITLE STATEMENT
Title Principles of foundation engineering /
Statement of responsibility, etc. Braja M. Das.
250 ## - EDITION STATEMENT
Edition statement 3rd ed.
260 ## - PUBLICATION, DISTRIBUTION, ETC.
Place of publication, distribution, etc. Boston :
Name of publisher, distributor, etc. PWS Pub. Co.,
Date of publication, distribution, etc. c1995.
300 ## - PHYSICAL DESCRIPTION
Extent xvii, 828 p. :
Other physical details ill. ;
Dimensions 25 cm.
650 ## - SUBJECT ADDED ENTRY--TOPICAL TERM
Topical term or geographic name entry element Foundations.
Holdings
Withdrawn status Lost status Damaged status Not for loan Permanent Location Current Location Shelving location Date acquired Total Checkouts Full call number Barcode Date last seen Date last checked out Price effective from Koha item type
        School of Civil and Environmental Engineering (SCEE) School of Civil and Environmental Engineering (SCEE)     1 624.15 DAS NIT-2498 06/23/2023 03/28/2023 01/05/2017 Book
        School of Civil and Environmental Engineering (SCEE) School of Civil and Environmental Engineering (SCEE)     4   NIT-3698 05/29/2024 05/22/2024 01/05/2017 Book
        School of Civil and Environmental Engineering (SCEE) School of Civil and Environmental Engineering (SCEE)         NIT-2553 08/05/2025   01/05/2017 Book
        School of Civil and Environmental Engineering (SCEE) School of Civil and Environmental Engineering (SCEE)         NIT-2552 01/05/2017   01/05/2017 Book
        School of Civil and Environmental Engineering (SCEE) School of Civil and Environmental Engineering (SCEE)         NIT-6841 01/05/2017   01/05/2017 Book
© 2023 Central Library, National University of Sciences and Technology. All Rights Reserved.